000
00223nam a2200085Ia 4500
245
0
_a
The Snagglegrollop
100
_a
POSTGATE, Daniel Frome, 2009
_9
103388
942
_c
BK
008
210817s9999 xx 000 0 und d
999
_c
456399
_d
456400